Conception et développement d'une application web de gestion de la ''Société coopérative Umushinge w'Ubuzima'' SOCOU-U (Record no. 52888)
| 000 -GUIDE | |
|---|---|
| Champ de contrôle de longueur fixe | 00897nam a22002297a 4500 |
| 003 - IDENTITÉ DU NUMÉRO DE CONTRÔLE | |
| Champ de contrôle | BI-BuBU |
| 008 - ÉLÉMENTS DE LONGUEUR FIXE - RENSEIGNEMENTS GÉNÉRAUX | |
| Champ de contrôle de longueur fixe | 251031b2025 bd fr|||| 000 0 fre d |
| 037 ## - SOURCE D'ACQUISITION | |
| Source d'acquisition et du numéro d'inventaire | Don |
| 039 ## - NIVEAU DE CONTRÔLE BIBLIOGRAPHIQUE ET HISTORIQUE D'ENCODAGE [OBSOLETE] | |
| Date creation | 20251031111117.0 |
| Nom catalographe | Augustin Mukezamfura |
| 040 ## - SOURCE DU CATALOGAGE | |
| Organisme qui a effectué le catalogage original | BI-BuBU |
| Code de la langue utilisée dans le catalogage | fre |
| Organisme qui a effectué la transcription | BI-BuBU |
| Organisme qui a effectué la modification | BI-BuBU |
| 041 0# - CODE DE LANGUE | |
| Code de langue du texte/de la piste sonore ou du titre distinct | fre |
| 080 ## - INDICE DE LA CLASSIFICATION DÉCIMALE UNIVERSELLE (CDU) | |
| Indice de la Classification décimale universelle | 004.455. |
| 100 1# - VEDETTE PRINCIPALE - NOM DE PERSONNE | |
| Code de relation | aut. |
| Nom de personne | Niyongabo, Syldie |
| 245 10 - MENTION DU TITRE | |
| Titre | Conception et développement d'une application web de gestion de la ''Société coopérative Umushinge w'Ubuzima'' SOCOU-U |
| Mention de responsabilité, etc. | Syldie Niyongabo ; Jérémie Ndikumagenge, directeur |
| 260 ## - PUBLICATION, DIFFUSION, ETC. (ADRESSE BIBLIOGRAPHIQUE) | |
| Lieu de publication, diffusion, etc. | Bujumbura |
| Nom de l'éditeur, diffuseur, etc. | Université du Burundi |
| Date of publication, distribution, etc | 2025 |
| 300 ## - DESCRIPTION MATÉRIELLE | |
| Collation | XII-64 f. |
| Dimensions | 30 cm. |
| 500 ## - NOTE GÉNÉRALE | |
| Note générale | Mémoire présenté et soutenu publiquement en vue de l'obtention du grade de master en Génie Informatique |
| 650 7# - VEDETTE-MATIÈRE - NOM COMMUN | |
| Source du terme | BI-BuBU |
| Vedette de sujet ou vedette comportant un nom géographique | Logiciel |
| Subdivision générale | Serveur client |
| 655 7# - TERME D'INDEXATION - GENRE OU FORME | |
| Source du terme | BI-BuBU |
| Données ou terme dominant sur le genre ou la forme | Mémoire |
| 700 1# - VEDETTE SECONDAIRE - NOM DE PERSONNE | |
| Code de relation | dir. |
| Nom d'auteur | Ndikumagenge, Jérémie |
| 942 ## - ÉLÉMENTS D'ENTRÉE ADDITIONNELLE (KOHA) | |
| Source de la classification ou du système de rangement | |
| Type d item koha | Memoire |
No items available.